Sports Quiz

Random Sports or MLB Quiz
Score 0/12 Timer 02:00
7 Plays Today
Team % Correct
Seattle Mariners
91.3%
Colorado Rockies
82.3%
Arizona Diamondbacks
82.2%
Miami Marlins
81.2%
Houston Astros
80.3%
Texas Rangers
78.7%
Atlanta Braves
77.9%
Minnesota Twins
77%
St. Louis Cardinals
73.4%
Tampa Bay Rays
72.6%
Kansas City Royals
71.8%
Cincinnati Reds
69%

You're not logged in!

Compare scores with friends on all Sporcle quizzes.
OR
Log In

Sporcle TV

Today on Sporcle TV


Watch our educational content, quiz creation guides, and fun videos on Sporcle TV.

Show Comments

Extras

Top Quizzes Today


Score Distribution

Paid Content

Your Account Isn't Verified!

In order to create a playlist on Sporcle, you need to verify the email address you used during registration. Go to your Sporcle Settings to finish the process.

Report this User

Report this user for behavior that violates our Community Guidelines.

Details: